000 00388nam a2200169Ia 4500
100 _aDR.HASSED CRAIG.
650 _aPhilosophy
942 _cBK
366 _f25
654 _aSTRESS MANAGEMENT
245 _aKNOW THYSELF STRESS MANAGEMENT PROGRAMME.
260 _bBETTER YOURSELF BOOK.
_aBandra
_c2002
082 _a170/HAS
_bHAS
300 _a75
546 _aENGLISH
999 _c28033
_d28033